[Event "World Championship (rapid) 2015"]
[Site "Berlin GER"]
[Date "2015.10.11"]
[Round "10"]
[White "Navara, David"]
[Black "Wojtaszek, Radoslaw"]
[Result "0-1"]
[WhiteElo "2734"]
[BlackElo "2734"]
[PlyCount "148"]
[EventDate "2015.10.10"]

1. d4 Nf6 2. Nc3 d5 3. Bf4 e6 4. e3 Bb4 5. Nge2 O-O 6. a3 Bd6 7. Ng3 c5 8. dxc5
Bxc5 9. Bd3 Nc6 10. O-O Bd6 11. Bg5 h6 12. Bxf6 Qxf6 13. e4 d4 14. Nce2 Bxg3
15. Nxg3 e5 16. Qd2 Qg5 17. Qxg5 hxg5 18. Bc4 Rd8 19. Rfd1 Kf8 20. Ne2 Ke7 21.
c3 Be6 22. Bxe6 Kxe6 23. cxd4 Nxd4 24. Kf1 Nb3 25. Rxd8 Rxd8 26. Re1 Nd2+ 27.
Kg1 Nxe4 28. f3 Nc5 29. Rc1 Nd3 30. Rc2 f5 31. Nc3 Rd7 32. Kf1 g6 33. Ke2 Nc5
34. Ke3 Nb3 35. Ne2 a6 36. Rc3 Nd4 37. Rc8 Nb5 38. Re8+ Kf6 39. Rf8+ Ke7 40.
Rg8 Kf7 41. Rb8 Nd6 42. b3 Rc7 43. Rd8 Nb5 44. a4 Nc3 45. Rd6 e4 46. fxe4 Nxe4
47. Rb6 Nf6 48. Kd4 Nd7 49. Rb4 Nc5 50. Kd5 Ne4 51. Rb6 Rd7+ 52. Ke5 Nc5 53.
Rf6+ Kg7 54. Rb6 Nxb3 55. Nf4 gxf4 56. Rxb3 Rd2 57. g3 fxg3 58. Rxb7+ Kh6 59.
hxg3 Rd3 60. Ra7 Rxg3 61. Rxa6 Kg5 62. a5 Re3+ 63. Kd4 Ra3 64. Kc5 f4 65. Kb4
Ra1 66. Ra7 f3 67. Rf7 Kg4 68. Kb5 g5 69. a6 Kg3 70. a7 g4 71. Kb6 f2 72. Rf5
Rxa7 73. Kxa7 Kg2 74. Rf4 g3 0-1

[Event "World Championship (rapid) 2015"]
[Site "Berlin GER"]
[Date "2015.10.11"]
[Round "10"]
[White "Dreev, Aleksey"]
[Black "Perunovic, Milos"]
[Result "0-1"]
[WhiteElo "2644"]
[BlackElo "2622"]
[PlyCount "126"]
[EventDate "2015.10.10"]

1. d4 Nf6 2. c4 c5 3. d5 b5 4. Qc2 bxc4 5. e4 d6 6. Bxc4 g6 7. Nc3 Bg7 8. Nf3
Nbd7 9. h3 O-O 10. O-O Rb8 11. Re1 Nh5 12. Be2 Ne5 13. Nxe5 Bxe5 14. Bxh5 gxh5
15. Bh6 Re8 16. Qd2 Kh8 17. Bf4 Bd4 18. Be3 Bf6 19. Bg5 Bd4 20. Be3 Bf6 21. Bg5
Bd4 22. Be3 Bf6 23. Rad1 Rg8 24. Kh2 Qf8 25. Bh6 Rxb2 26. Bxf8 Rxd2 27. Rxd2
Bxc3 28. Bxe7 Bxd2 29. Bf6+ Rg7 30. Rb1 Bf4+ 31. g3 Be5 32. Bxg7+ Kxg7 33. f4
Bf6 34. Rb8 Bd7 35. Rb7 Ba4 36. Rxa7 Bc2 37. e5 dxe5 38. d6 exf4 39. gxf4 c4
40. Rc7 c3 41. d7 Ba4 42. Rxc3 Bxd7 43. Rd3 Bb5 44. Rd5 Bc4 45. Ra5 Bd8 46. Ra4
Be6 47. a3 h4 48. Ra7 Bb6 49. Rb7 Be3 50. a4 Bxf4+ 51. Kg1 Bxh3 52. a5 Be6 53.
Rb4 Bg3 54. Kg2 Be1 55. Ra4 h3+ 56. Kh1 Bg3 57. Rd4 Be5 58. Rd3 Bf5 59. Re3 Bf4
60. Re1 Bc8 61. Rb1 Bd7 62. Rb6 Bc7 63. Ra6 Bf5 0-1

[Event "World Championship (rapid) 2015"]
[Site "Berlin GER"]
[Date "2015.10.11"]
[Round "10"]
[White "Dubov, Daniil"]
[Black "Leko, Peter"]
[Result "1-0"]
[WhiteElo "2661"]
[BlackElo "2707"]
[PlyCount "51"]
[EventDate "2015.10.10"]

1. Nf3 Nf6 2. c4 c5 3. Nc3 Nc6 4. d4 cxd4 5. Nxd4 e6 6. g3 Qb6 7. Nb3 Ne5 8.
Bg2 Nxc4 9. O-O Bb4 10. Bg5 d5 11. Bxf6 gxf6 12. Bxd5 Bxc3 13. Bxc4 Be5 14. Nd2
f5 15. e4 fxe4 16. Nxe4 h5 17. Qf3 h4 18. Rfe1 hxg3 19. hxg3 Rg8 20. Rad1 Rg6
21. Qh5 Bxg3 22. Nxg3 Rxg3+ 23. Kf1 Rg6 24. Bb5+ Ke7 25. Qh4+ Rf6 26. Qb4+ 1-0

[Event "World Championship (rapid) 2015"]
[Site "Berlin GER"]
[Date "2015.10.11"]
[Round "10"]
[White "Socko, Bartosz"]
[Black "Rublevsky, Sergei"]
[Result "1-0"]
[WhiteElo "2599"]
[BlackElo "2702"]
[PlyCount "125"]
[EventDate "2015.10.10"]

1. e4 c5 2. Nf3 e6 3. d4 cxd4 4. Nxd4 Nc6 5. Nc3 a6 6. Nxc6 bxc6 7. Bd3 Qc7 8.
O-O Nf6 9. Re1 Bd6 10. g3 Be5 11. f4 Bd4+ 12. Kg2 Bxc3 13. bxc3 c5 14. c4 Bb7
15. Bb2 O-O 16. Bxf6 gxf6 17. Qh5 Kh8 18. Qh6 Qd8 19. Rab1 Bc6 20. Kf2 Rg8 21.
Qh4 Rg6 22. e5 f5 23. Qxd8+ Rxd8 24. Rb6 a5 25. Be2 Be4 26. Bd3 Bc6 27. Reb1 f6
28. exf6 Rxf6 29. Be2 Rh6 30. h4 Rg6 31. h5 Rgg8 32. Bf3 Bxf3 33. Kxf3 Kg7 34.
R1b5 Kf6 35. Rxc5 a4 36. Rcb5 Rc8 37. c5 Ke7 38. Rb7 Rc6 39. Ra7 Rgc8 40. Rbb7
Rd8 41. Rc7 Rxc7 42. Rxc7 Kf6 43. Ke3 e5 44. c6 exf4+ 45. Kxf4 dxc6 46. Rxc6+
Kf7 47. Ra6 Rd4+ 48. Kxf5 Rd5+ 49. Kg4 Rc5 50. Rxa4 Rxc2 51. Kg5 Rc6 52. Ra7+
Kg8 53. g4 h6+ 54. Kh4 Rc3 55. a4 Kh8 56. Ra5 Kh7 57. Rb5 Ra3 58. a5 Kg7 59.
Rb7+ Kg8 60. Rb6 Kg7 61. a6 Kh7 62. Rb7+ Kg8 63. a7 1-0

[Event "World Championship (rapid) 2015"]
[Site "Berlin GER"]
[Date "2015.10.11"]
[Round "10"]
[White "Ragger, Markus"]
[Black "Van Wely, Loek"]
[Result "1-0"]
[WhiteElo "2698"]
[BlackElo "2632"]
[PlyCount "137"]
[EventDate "2015.10.10"]

1. d4 Nf6 2. c4 c5 3. d5 b5 4. cxb5 a6 5. bxa6 g6 6. Nc3 Bg7 7. e4 O-O 8. Nf3
Qa5 9. Bd2 Qb4 10. a3 Qb6 11. Qc2 d6 12. a4 Nxa6 13. Nb5 Nb4 14. Bxb4 cxb4 15.
Bd3 Nxe4 16. Bxe4 Qxb5 17. axb5 Rxa1+ 18. Ke2 Rxh1 19. Ne1 Bg4+ 20. f3 Rc8 21.
Qd2 Bd7 22. b6 Rc5 23. Nd3 Rc8 24. Nf2 Ra1 25. Qxb4 Ra2 26. Nd1 f5 27. Bd3 Ba4
28. b7 Rb8 29. Qc4 Bxd1+ 30. Kxd1 Rxb7 31. Qxa2 Rxb2 32. Qa8+ Kf7 33. Bc2 Bf6
34. Qc8 Kg7 35. g4 fxg4 36. Qxg4 Ra2 37. f4 Ra1+ 38. Ke2 Rh1 39. Qg3 Kf8 40.
Be4 Ra1 41. Bc2 Ra2 42. Qb3 Rb2 43. Qc4 Kg7 44. Kf3 Kh6 45. Kg3 Kg7 46. Be4 Rd2
47. Bf3 Rd4 48. Qc1 Rb4 49. Qe3 Rc4 50. h4 Rc3 51. Qe4 Ra3 52. Kg4 Ra1 53. h5
Rg1+ 54. Bg2 Rd1 55. Qe2 Rg1 56. Kg3 Ra1 57. Be4 Ra3+ 58. Kg2 Rb3 59. hxg6 Rb2
60. Bc2 h5 61. Kh3 Kh6 62. Qd3 Ra2 63. Bd1 Rf2 64. Qf5 Kg7 65. Qxh5 Kf8 66. Bg4
Bg7 67. Qf5+ Bf6 68. Qc8+ Kg7 69. Qe8 1-0

[Event "World Championship (rapid) 2015"]
[Site "Berlin GER"]
[Date "2015.10.11"]
[Round "10"]
[White "Ponomariov, Ruslan"]
[Black "Hansen, Eric"]
[Result "1-0"]
[WhiteElo "2710"]
[BlackElo "2573"]
[PlyCount "77"]
[EventDate "2015.10.10"]

1. d4 Nf6 2. c4 g6 3. g3 c6 4. Nf3 Bg7 5. Bg2 d5 6. Nbd2 O-O 7. O-O Ne4 8. b3
Bf5 9. Bb2 Nxd2 10. Qxd2 Be4 11. Rfd1 Nd7 12. Rac1 Nf6 13. Qb4 Rb8 14. cxd5
Bxd5 15. Qc3 Qb6 16. Bf1 Ne4 17. Qe3 f5 18. Ne1 e5 19. dxe5 Qxe3 20. fxe3 Rfe8
21. Nd3 Bf7 22. Bg2 Ng5 23. Nc5 Be6 24. Nxb7 Rxb7 25. Bxc6 Reb8 26. Bxb7 Rxb7
27. Rd6 Kf7 28. Bd4 Ne4 29. Ra6 g5 30. Rxa7 Rxa7 31. Bxa7 Bxe5 32. Bd4 Bd6 33.
a4 Bxb3 34. a5 Bd5 35. a6 Ke6 36. Rc8 Kd7 37. Rh8 Bc7 38. Rxh7+ Kc6 39. a7 1-0

[Event "World Championship (rapid) 2015"]
[Site "Berlin GER"]
[Date "2015.10.11"]
[Round "10"]
[White "Shabalov, Alexander"]
[Black "Morozevich, Alexander"]
[Result "0-1"]
[WhiteElo "2522"]
[BlackElo "2711"]
[PlyCount "80"]
[EventDate "2015.10.10"]

1. Nf3 d5 2. e3 Nc6 3. d4 Bg4 4. c4 e5 5. h3 Bxf3 6. Qxf3 Bb4+ 7. Bd2 exd4 8.
cxd5 Bxd2+ 9. Nxd2 Nb4 10. Qe4+ Ne7 11. Bb5+ Kf8 12. d6 cxd6 13. O-O d5 14. Qf3
Qb6 15. Ba4 g6 16. Nb3 Kg7 17. Nxd4 Nbc6 18. Nxc6 bxc6 19. Bb3 a5 20. Qf4 Qb4
21. Qxb4 axb4 22. Rac1 Ra5 23. Rfd1 f5 24. f3 Rd8 25. Kf2 h5 26. Rd2 Rd6 27.
Rcd1 Ra7 28. e4 fxe4 29. fxe4 Rf6+ 30. Ke2 Re6 31. Rd4 Nf5 32. Rxb4 Ng3+ 33.
Kf2 Nxe4+ 34. Kg1 g5 35. a3 h4 36. Bc2 Ng3 37. Rb3 Rf7 38. Bd3 c5 39. Bf1 c4
40. Rb5 Ref6 0-1

[Event "Pokerstars International Open 2015"]
[Site "Douglas ENG"]
[Date "2015.10.11"]
[Round "9"]
[White "Short, Nigel D"]
[Black "Harikrishna, Pentala"]
[Result "1/2-1/2"]
[WhiteElo "2678"]
[BlackElo "2737"]
[PlyCount "99"]
[EventDate "2015.10.03"]

1. e4 e6 2. d4 d5 3. Nc3 Nf6 4. exd5 exd5 5. Bg5 Be7 6. Qd2 O-O 7. O-O-O Nc6 8.
h4 Bf5 9. Qf4 Bg6 10. Bxf6 Bxf6 11. Nf3 Re8 12. Bd3 Bxd3 13. Rxd3 Nb4 14. Re3
Rxe3 15. fxe3 c6 16. g4 Qb8 17. Re1 Qxf4 18. exf4 Kf8 19. Kd2 Rd8 20. f5 Be7
21. Nd1 Bd6 22. c3 Bf4+ 23. Ne3 Na6 24. Kd3 f6 25. Ng2 Bg3 26. Re3 Re8 27. Ng1
Rxe3+ 28. Kxe3 Nc7 29. Kf3 Bd6 30. Ne2 Kf7 31. Ne3 b5 32. b3 Ke7 33. Nc1 c5 34.
dxc5 Bxc5 35. Nc2 Kd6 36. Nd3 Bg1 37. Nd4 a5 38. Ne2 Bh2 39. Ne1 Be5 40. Nc2
Kc5 41. Ke3 Kd6 42. b4 axb4 43. cxb4 Bb2 44. Ned4 g6 45. fxg6 hxg6 46. Nf3 Ke7
47. Kd3 f5 48. gxf5 gxf5 49. Ne3 f4 50. Ng2 1/2-1/2

[Event "Pokerstars International Open 2015"]
[Site "Douglas ENG"]
[Date "2015.10.11"]
[Round "9"]
[White "Naiditsch, Arkadij"]
[Black "Fressinet, Laurent"]
[Result "0-1"]
[WhiteElo "2682"]
[BlackElo "2702"]
[PlyCount "56"]
[EventDate "2015.10.03"]

1. e4 e5 2. Nf3 Nc6 3. Bb5 Nf6 4. O-O Nxe4 5. Re1 Nd6 6. Nxe5 Be7 7. Bf1 Nf5 8.
Nf3 d5 9. d4 O-O 10. g3 Be6 11. c3 Re8 12. Nbd2 Qd7 13. Nb3 f6 14. Bd2 b6 15.
Bb5 Bf8 16. Bf4 a6 17. Bd3 Bd6 18. Qc2 g6 19. Bd2 Nce7 20. a4 a5 21. Nc1 Ng7
22. b4 Bg4 23. Nh4 Nef5 24. Rxe8+ Rxe8 25. Nxf5 Nxf5 26. bxa5 Nh4 27. Nb3 Be2
28. Bxe2 Qh3 0-1

[Event "Pokerstars International Open 2015"]
[Site "Douglas ENG"]
[Date "2015.10.11"]
[Round "9"]
[White "Movsesian, Sergei"]
[Black "Adams, Michael"]
[Result "1/2-1/2"]
[WhiteElo "2658"]
[BlackElo "2742"]
[PlyCount "72"]
[EventDate "2015.10.03"]

1. e4 e5 2. Nf3 Nc6 3. Bb5 Nf6 4. O-O Nxe4 5. Re1 Nd6 6. Nxe5 Be7 7. Bf1 Nf5 8.
Nf3 O-O 9. d4 d5 10. c3 Bd6 11. g3 Nfe7 12. Nbd2 Be6 13. Bg2 Qd7 14. Nf1 f6 15.
Ne3 Rae8 16. Bd2 Nd8 17. Re2 Nf5 18. Qb3 Nxe3 19. Rxe3 Bf7 20. Rae1 c6 21. Rxe8
Rxe8 22. Rxe8+ Bxe8 23. Be3 Bf7 24. Ne1 g5 25. Qd1 Kg7 26. Bf1 Be6 27. Bd2 Nf7
28. Qf3 Bc7 29. Bd3 Nd6 30. Qe2 Bg4 31. f3 Bf5 32. Bxf5 Nxf5 33. Nd3 b6 34. g4
Ne7 35. Be1 Ng6 36. Bg3 Kf7 1/2-1/2

[Event "Pokerstars International Open 2015"]
[Site "Douglas ENG"]
[Date "2015.10.11"]
[Round "9"]
[White "Howell, David W L"]
[Black "Kuzubov, Yuriy"]
[Result "1-0"]
[WhiteElo "2705"]
[BlackElo "2641"]
[PlyCount "61"]
[EventDate "2015.10.03"]

1. Nf3 c6 2. g3 d5 3. Bg2 Bg4 4. O-O Nd7 5. h3 Bh5 6. d3 e5 7. e4 dxe4 8. dxe4
Qc7 9. Qe1 Nc5 10. a4 Nf6 11. Nh4 O-O-O 12. Nf5 Ne6 13. Nd2 g6 14. Ne3 g5 15.
Nf5 Rg8 16. Nc4 g4 17. h4 Bg6 18. c3 Nf4 19. Qe3 Nxg2 20. Qxa7 Kd7 21. Bg5 Ke6
22. Kxg2 Nxe4 23. Bxd8 Qxd8 24. Qxb7 Bxf5 25. Rad1 Bd6 26. Rfe1 Qa8 27. Rxd6+
Nxd6 28. Rxe5+ Kf6 29. Qe7+ Kg7 30. Nxd6 c5+ 31. Kg1 1-0

[Event "Pokerstars International Open 2015"]
[Site "Douglas ENG"]
[Date "2015.10.11"]
[Round "9"]
[White "Harika, Dronavalli"]
[Black "Zozulia, Anna"]
[Result "1/2-1/2"]
[WhiteElo "2516"]
[BlackElo "2335"]
[PlyCount "136"]
[EventDate "2015.10.03"]

1. Nf3 Nf6 2. c4 g6 3. g3 Bg7 4. Bg2 O-O 5. Nc3 d6 6. O-O e5 7. d4 Nbd7 8. e3
Re8 9. b3 c6 10. Bb2 exd4 11. Nxd4 Nc5 12. Qc2 a5 13. h3 Qe7 14. Rad1 Nfe4 15.
Nxe4 Nxe4 16. Ne2 Bxb2 17. Qxb2 h5 18. Qd4 Bf5 19. Nf4 Rad8 20. Kh2 Qe5 21. Ne2
Nc5 22. Nc3 h4 23. Ne2 Qxd4 24. Rxd4 Bd3 25. Re1 Bxe2 26. Rxe2 hxg3+ 27. Kxg3
Kf8 28. Red2 Ke7 29. Rd1 f5 30. Kh2 Rh8 31. f4 Rh6 32. R4d2 Ne6 33. Rf1 Rdh8
34. Rf3 g5 35. fxg5 Nxg5 36. Rg3 Ne6 37. Bf1 Rf8 38. Rf2 Rhf6 39. Bd3 f4 40.
exf4 Rxf4 41. Rxf4 Nxf4 42. Re3+ Kd7 43. Kg3 d5 44. Rf3 Nh5+ 45. Kf2 Nf4 46.
Ke3 Ng2+ 47. Ke2 Nf4+ 48. Kd2 Kd6 49. cxd5 cxd5 50. Bb5 Ke5 51. Bd7 d4 52. Rf1
Rf7 53. Bg4 Rh7 54. Re1+ Kd6 55. Bf5 Rf7 56. Bg4 Rh7 57. Rh1 Rh4 58. Bc8 b6 59.
Bg4 Ke5 60. a3 Kd5 61. Bc8 Kd6 62. Bg4 Kd5 63. Kc2 Ke5 64. Re1+ Kd6 65. Rh1 Ke5
66. Bc8 Rh8 67. Re1+ Kd6 68. Bg4 Rh4 1/2-1/2

[Event "Romanian Super League 2015"]
[Site "Mamaia"]
[Date "2015.10.11"]
[Round "9"]
[White "Wang, Hao"]
[Black "Balogh, Csaba"]
[Result "1-0"]
[WhiteElo "2712"]
[BlackElo "2657"]
[PlyCount "69"]
[EventDate "2015.10.03"]
[EventType "team"]
[EventRounds "9"]
[WhiteTeam "CLUBUL DE SAH AL MUNICIPIULUI BAIA MARE"]
[BlackTeam "CS AEM LUXTEN TIMISOARA"]

1. d4 d5 2. Nf3 Nf6 3. c4 c6 4. e3 Bg4 5. h3 Bh5 6. Nc3 e6 7. Qb3 Qb6 8. Nh4
Be7 9. g4 Bg6 10. Nxg6 hxg6 11. Bg2 g5 12. O-O Nbd7 13. Rd1 Nf8 14. Qc2 Ng6 15.
cxd5 exd5 16. e4 Nxe4 17. Nxe4 dxe4 18. Be3 Qc7 19. d5 Nf4 20. dxc6 Qxc6 21.
Qxc6+ bxc6 22. Bxe4 Rh6 23. Kf1 a5 24. Rac1 Ra6 25. h4 Re6 26. Bf5 Rh6 27. Bc8
Ra8 28. Bb7 Rb8 29. Bxc6+ Kf8 30. h5 Rxb2 31. Bb5 Rxb5 32. Rc8+ Bd8 33. a4 Re5
34. Rdxd8+ Ke7 35. Re8+ 1-0

[Event "World Championship (rapid) 2015"]
[Site "Berlin GER"]
[Date "2015.10.12"]
[Round "11"]
[White "Kovalenko, Igor"]
[Black "Ivanchuk, Vassily"]
[Result "0-1"]
[WhiteElo "2700"]
[BlackElo "2726"]
[PlyCount "92"]
[EventDate "2015.10.10"]

1. d4 Nf6 2. Nf3 e6 3. e3 b6 4. Bd3 Bb7 5. O-O Be7 6. c4 O-O 7. Nc3 d5 8. cxd5
exd5 9. b3 Nbd7 10. Bb2 a6 11. Ne5 Re8 12. f4 c5 13. Rf3 cxd4 14. exd4 b5 15.
Rh3 Nf8 16. Ne2 Ne4 17. Ng3 f6 18. Ng4 Qd7 19. Nh5 Ng6 20. Bxe4 dxe4 21. Ne3
Bd6 22. Qf1 Rac8 23. Rd1 Rf8 24. Qf2 Rf7 25. f5 Ne7 26. Rf1 Nd5 27. Nxd5 Bxd5
28. Bc1 e3 29. Bxe3 Be4 30. Qh4 Bxf5 31. Rhf3 Bd3 32. Rc1 Rxc1+ 33. Bxc1 Qc6
34. Bf4 Be2 35. Rf2 Bxh5 36. Qxh5 Re7 37. Bxd6 Qxd6 38. Qd1 Re4 39. Rd2 Qe6 40.
Qf3 Re3 41. Qf4 g5 42. d5 Qe8 43. Qd4 Re1+ 44. Kf2 Re4 45. Qc3 Rf4+ 46. Kg3
Qe1+ 0-1

[Event "World Championship (rapid) 2015"]
[Site "Berlin GER"]
[Date "2015.10.12"]
[Round "11"]
[White "Mamedyarov, Shakhriyar"]
[Black "Dominguez Perez, Leinier"]
[Result "0-1"]
[WhiteElo "2736"]
[BlackElo "2732"]
[PlyCount "60"]
[EventDate "2015.10.10"]

1. d4 Nf6 2. Nf3 e6 3. g3 d5 4. Bg2 Be7 5. O-O O-O 6. a3 Nbd7 7. c4 c6 8. Nbd2
b6 9. e4 Nxe4 10. Nxe4 dxe4 11. Ne5 Bb7 12. Bxe4 Nxe5 13. dxe5 Qc7 14. Re1 c5
15. h4 Rad8 16. Qf3 Bxe4 17. Rxe4 Rd7 18. Bg5 Rfd8 19. Rae1 Rd3 20. Qg4 Bxg5
21. hxg5 R8d4 22. Rxd4 Rxd4 23. Qf3 Qe7 24. Qc6 g6 25. f4 Qd8 26. b4 Rd3 27.
Kg2 Qd4 28. bxc5 bxc5 29. Rh1 Qb2+ 30. Kh3 Qf2 0-1

[Event "World Championship (rapid) 2015"]
[Site "Berlin GER"]
[Date "2015.10.12"]
[Round "11"]
[White "Gelfand, Boris"]
[Black "Bocharov, Dmitry"]
[Result "0-1"]
[WhiteElo "2741"]
[BlackElo "2560"]
[PlyCount "176"]
[EventDate "2015.10.10"]

1. d4 Nf6 2. c4 e6 3. Nf3 b6 4. g3 Bb7 5. Bg2 Be7 6. Nc3 Ne4 7. Bd2 O-O 8. d5
Nxd2 9. Nxd2 d6 10. O-O e5 11. f4 exf4 12. gxf4 Nd7 13. Nf3 Bf6 14. Nd4 Re8 15.
e4 g6 16. Qd2 Bg7 17. Rae1 Qh4 18. Ndb5 Qd8 19. Nd4 Nf6 20. e5 Ng4 21. e6 Bxd4+
22. Qxd4 fxe6 23. h3 Nh6 24. Rxe6 Rxe6 25. dxe6 Bxg2 26. Kxg2 Nf5 27. Qe4 c6
28. Qxc6 Rc8 29. Qe4 Qf6 30. Nd5 Qxb2+ 31. Rf2 Qa3 32. e7 Qg3+ 33. Kf1 Qxh3+
34. Ke1 Kf7 35. Re2 Ng7 36. Qd4 Qf5 37. Ne3 Qc5 38. Qe4 b5 39. cxb5 Qxb5 40.
Nd5 Qc5 41. Kf1 Re8 42. Kg2 Qc8 43. Qd4 Qg4+ 44. Kf1 Nh5 45. Ke1 Qh4+ 46. Kd1
Ng3 47. Rh2 Qg4+ 48. Kc2 Qf5+ 49. Kb2 Nh5 50. Qc4 Qe6 51. Re2 Qd7 52. Nb6+ d5
53. Nxd5 Kg7 54. Qc5 Kh6 55. Nc3 Nf6 56. Qe5 Kg7 57. Ne4 Qxe7 58. Nd6 Qxe5+ 59.
fxe5 Rb8+ 60. Kc3 Nd5+ 61. Kd4 Ne7 62. Rf2 Rf8 63. Rc2 Rf4+ 64. Kd3 Ra4 65. Rc7
Kf8 66. Rb7 Nc6 67. Rxh7 Nxe5+ 68. Kc3 Rxa2 69. Kd4 Nc6+ 70. Kd5 Ne7+ 71. Kc4
Re2 72. Rf7+ Kg8 73. Rf1 Re6 74. Kc5 Nf5 75. Nc4 Kg7 76. Ra1 Re7 77. Na5 Re5+
78. Kc4 Re6 79. Nb3 Re7 80. Nc5 g5 81. Ra6 g4 82. Ne6+ Kf6 83. Nf4+ Kg5 84.
Ne6+ Kh4 85. Kd5 g3 86. Nf4 Kg4 87. Nd3 g2 88. Rg6+ Kf3 0-1

[Event "World Championship (rapid) 2015"]
[Site "Berlin GER"]
[Date "2015.10.12"]
[Round "11"]
[White "Kryvoruchko, Yuriy"]
[Black "Khismatullin, Denis"]
[Result "1/2-1/2"]
[WhiteElo "2710"]
[BlackElo "2651"]
[PlyCount "155"]
[EventDate "2015.10.10"]

1. e4 c5 2. Nf3 d6 3. d4 cxd4 4. Nxd4 Nf6 5. Nc3 a6 6. g3 e5 7. Nde2 Be7 8. Bg2
Nbd7 9. a4 b6 10. h3 h5 11. Bg5 Bb7 12. O-O Rc8 13. Qd2 O-O 14. Rfd1 Re8 15.
Rac1 Qc7 16. b3 Qb8 17. Qe3 Rc5 18. Qd2 b5 19. Be3 Rcc8 20. axb5 axb5 21. Nxb5
Nxe4 22. Bxe4 Bxe4 23. Nxd6 Bxd6 24. Qxd6 Rc7 25. c4 Re6 26. Qa3 Bf3 27. Rd2
Rb7 28. Rb1 Qc8 29. Rbd1 Kh7 30. c5 Nxc5 31. Bxc5 Ra6 32. Qxa6 Qxh3 33. Qd3+ e4
34. Qxf3 exf3 35. Nf4 Qg4 36. Rd4 g5 37. b4 gxf4 38. Rxf4 Qe6 39. Rxf3 Rd7 40.
Rxd7 Qxd7 41. Rf4 Kg6 42. Be3 Qd5 43. Rd4 Qc6 44. Kh2 f6 45. Rf4 Qb5 46. Bc5
Qb7 47. Kg1 Kf7 48. Be3 Kg6 49. Rh4 Qb5 50. Kh2 Qb7 51. Rf4 Qb5 52. Bc1 Qe5 53.
Bd2 Kf7 54. Be3 Qb5 55. Bc5 Qb7 56. Rd4 Kg6 57. Kg1 Qb5 58. Rf4 Qb7 59. Kf1
Qa6+ 60. Ke1 Qd3 61. Be3 Qb1+ 62. Kd2 Qb2+ 63. Kd3 Qb3+ 64. Ke2 Qc2+ 65. Kf1
Qd1+ 66. Kg2 Qd5+ 67. Kh2 Qb5 68. Bd4 Qxb4 69. Rxf6+ Kh7 70. Rf4 Qb7 71. Be3
Qd5 72. Rd4 Qc6 73. Rb4 Qd5 74. Rb6 Qf3 75. Rd6 Kg8 76. Rd7 Qc6 77. Ra7 Qd5 78.
Ra4 1/2-1/2

[Event "World Championship (rapid) 2015"]
[Site "Berlin GER"]
[Date "2015.10.12"]
[Round "11"]
[White "Kasimdzhanov, Rustam"]
[Black "Karjakin, Sergey"]
[Result "1-0"]
[WhiteElo "2704"]
[BlackElo "2762"]
[PlyCount "67"]
[EventDate "2015.10.10"]

1. e4 c5 2. Nf3 d6 3. d4 cxd4 4. Nxd4 Nf6 5. Nc3 a6 6. Bc4 e6 7. O-O b5 8. Bb3
Be7 9. Qf3 Qc7 10. Qg3 O-O 11. Bh6 Ne8 12. Rad1 Bd7 13. Nce2 Kh8 14. Bg5 Bxg5
15. Qxg5 Nf6 16. Ng3 Qc5 17. Qd2 Rd8 18. Nf3 a5 19. a3 Ne8 20. Ng5 Kg8 21. Qf4
Nf6 22. Rxd6 Nc6 23. Rfd1 h6 24. Nf3 Be8 25. e5 Rxd6 26. Rxd6 a4 27. exf6 axb3
28. cxb3 e5 29. Qd2 e4 30. fxg7 e3 31. fxe3 Ne5 32. Nxe5 Qxe5 33. Qd4 Qg5 34.
Ne4 1-0

[Event "World Championship (rapid) 2015"]
[Site "Berlin GER"]
[Date "2015.10.12"]
[Round "11"]
[White "Malakhov, Vladimir"]
[Black "Vachier-Lagrave, Maxime"]
[Result "0-1"]
[WhiteElo "2694"]
[BlackElo "2758"]
[PlyCount "70"]
[EventDate "2015.10.10"]

1. e4 c5 2. Nf3 d6 3. d4 cxd4 4. Qxd4 Nf6 5. Bb5+ Bd7 6. c4 Nc6 7. Qd3 g6 8.
O-O Bg7 9. h3 O-O 10. Nc3 a6 11. Bxc6 Bxc6 12. Nd4 Rc8 13. Be3 Nd7 14. Rac1 Nc5
15. Qc2 Bd7 16. Rfd1 f5 17. exf5 gxf5 18. Nde2 b5 19. cxb5 axb5 20. b4 Na4 21.
Qb3+ Kh8 22. Nxa4 bxa4 23. Qd3 Rxc1 24. Rxc1 Qb8 25. a3 Qb7 26. Nf4 e5 27. Qxd6
exf4 28. Rc7 fxe3 29. Qxd7 exf2+ 30. Kf1 Qa6+ 31. b5 Qg6 32. b6 f4 33. b7 f3
34. g4 Qa6+ 35. Kxf2 Qe2+ 0-1

[Event "World Championship (rapid) 2015"]
[Site "Berlin GER"]
[Date "2015.10.12"]
[Round "11"]
[White "Bacrot, Etienne"]
[Black "Savchenko, Boris"]
[Result "0-1"]
[WhiteElo "2697"]
[BlackElo "2567"]
[PlyCount "76"]
[EventDate "2015.10.10"]

1. d4 Nf6 2. c4 e6 3. Nf3 c5 4. d5 exd5 5. cxd5 d6 6. Nc3 g6 7. Bf4 Nh5 8. Bg5
f6 9. Bh4 Be7 10. e4 O-O 11. Bc4 Nd7 12. g4 Nf4 13. Bg3 Ne5 14. Bxf4 Nxc4 15.
h3 b5 16. b3 Ne5 17. Bh6 Rf7 18. Nxe5 fxe5 19. Qd2 b4 20. Nd1 Ba6 21. Nb2 g5
22. O-O-O Rf4 23. h4 Rxe4 24. Bxg5 Re2 25. Bxe7 Qxe7 26. Qh6 Rf8 27. Rd2 Rexf2
28. Nd1 Rxd2 29. Kxd2 c4 30. Re1 Rf6 31. Qg5+ Kh8 32. Re4 c3+ 33. Kc1 h6 34.
Qe3 Qb7 35. g5 Rf1 36. g6 Kg7 37. Kc2 Qxd5 38. Qxa7+ Bb7 0-1

[Event "World Championship (rapid) 2015"]
[Site "Berlin GER"]
[Date "2015.10.12"]
[Round "11"]
[White "Perunovic, Milos"]
[Black "Inarkiev, Ernesto"]
[Result "0-1"]
[WhiteElo "2622"]
[BlackElo "2660"]
[PlyCount "88"]
[EventDate "2015.10.10"]

1. e4 e5 2. Nf3 Nc6 3. Bb5 a6 4. Ba4 Nf6 5. O-O Be7 6. Re1 b5 7. Bb3 d6 8. c3
O-O 9. d4 Bg4 10. d5 Na5 11. Bc2 c6 12. h3 Bc8 13. dxc6 Qc7 14. Nbd2 Qxc6 15.
Nf1 Nc4 16. a4 h6 17. b3 Nb6 18. a5 Nbd7 19. b4 Bb7 20. Ng3 Rfe8 21. Bb3 d5 22.
exd5 Nxd5 23. Bd2 Rad8 24. Qc2 Bf8 25. Rad1 Nc7 26. Bc1 g6 27. Ne4 Kg7 28. Qd2
g5 29. Ng3 Nc5 30. Nf5+ Kf6 31. Qc2 Nxb3 32. Rxd8 Rxd8 33. Qxb3 Qe6 34. Qxe6+
Nxe6 35. Ng3 Bxf3 36. gxf3 Rc8 37. Rd1 Kg6 38. Bb2 f5 39. Rd7 Rc7 40. Rd5 Nf4
41. Rxe5 Bg7 42. Rxf5 Ne2+ 43. Kg2 Nxg3 44. Rd5 Nf5 0-1

[Event "World Championship (rapid) 2015"]
[Site "Berlin GER"]
[Date "2015.10.12"]
[Round "11"]
[White "Tomashevsky, Evgeny"]
[Black "Dubov, Daniil"]
[Result "1/2-1/2"]
[WhiteElo "2758"]
[BlackElo "2661"]
[PlyCount "21"]
[EventDate "2015.10.10"]

1. Nf3 Nf6 2. g3 d5 3. Bg2 c6 4. O-O Bg4 5. d3 Nbd7 6. h3 Bxf3 7. Bxf3 e5 8.
Bg2 Bc5 9. e3 O-O 10. Nd2 Qe7 11. Qe2 1/2-1/2

[Event "World Championship (rapid) 2015"]
[Site "Berlin GER"]
[Date "2015.10.12"]
[Round "11"]
[White "Wojtaszek, Radoslaw"]
[Black "Onischuk, Vladimir"]
[Result "1/2-1/2"]
[WhiteElo "2734"]
[BlackElo "2612"]
[PlyCount "68"]
[EventDate "2015.10.10"]

1. d4 d6 2. Nf3 g6 3. c4 Bg7 4. Nc3 Nf6 5. e4 O-O 6. Be2 Nbd7 7. O-O e5 8. Be3
c6 9. d5 c5 10. Ne1 h5 11. Bg5 a6 12. Nd3 Qe8 13. a3 Nh7 14. Bd2 h4 15. b4 b6
16. Rb1 f5 17. f3 Ndf6 18. bxc5 bxc5 19. Rb6 Qd8 20. Qb3 g5 21. exf5 Bxf5 22.
Nf2 Rb8 23. Rxb8 Qxb8 24. Qxb8 Rxb8 25. Bd3 Bxd3 26. Nxd3 Rb3 27. Nf2 Nd7 28.
Nce4 Bf8 29. Ng4 Nb6 30. Ne3 Kf7 31. a4 Kg6 32. a5 Nd7 33. Ng4 Be7 34. Re1 Rb2
1/2-1/2

[Event "World Championship (rapid) 2015"]
[Site "Berlin GER"]
[Date "2015.10.12"]
[Round "11"]
[White "Kovalev, Vladislav"]
[Black "Svidler, Peter"]
[Result "0-1"]
[WhiteElo "2546"]
[BlackElo "2727"]
[PlyCount "82"]
[EventDate "2015.10.10"]

1. e4 c5 2. Nf3 e6 3. d4 cxd4 4. Nxd4 a6 5. Bd3 Nf6 6. O-O Qc7 7. Nc3 Bc5 8.
Nb3 Be7 9. f4 d6 10. Qf3 Nbd7 11. a4 O-O 12. Bd2 b6 13. Rae1 Bb7 14. Qh3 Rad8
15. g4 Nc5 16. g5 Nfd7 17. Nd4 d5 18. e5 Ne4 19. Nxe6 fxe6 20. Qxe6+ Kh8 21.
Qxe7 Rde8 22. Qb4 Nxd2 23. Rf2 d4 24. Nb5 axb5 25. Qxd2 bxa4 26. Bb5 Qc5 27.
Bd3 Bd5 28. h4 Qc6 29. Qe2 Re7 30. Bb5 Qe6 31. Kh2 Nc5 32. f5 Rxf5 33. Rxf5
Qxf5 34. Rf1 Qc8 35. Qf2 Rf7 36. Qxf7 Bxf7 37. Rxf7 Kg8 38. Ra7 Qf5 39. Bc4+
Kf8 40. Ra8+ Ke7 41. Ra7+ Kd8 0-1